000 00600nam a2200193 a 4500
005 20140412111303.0
008 010319s19uu xx 00 eng d
020 _a0-394-82920-4
050 _aER
_bWo81 1974
100 _aSeuss, Dr.
245 _aThere's a wocket in my pocket /
_cby Dr. Seuss.
260 _aNew York :
_bRandom House,
_c1974.
300 _a1 v. (unp.) ; ill.
440 _aBeginner Books
520 _aA household of unusual creatures help beginning readers recognize common "household" words.
650 _aStories in rhyme
650 _aChildren stories
999 _c103494
_d103494